|
|
|
|
| LEADER |
00000nam0a2200000 4500 |
| 001 |
344967 |
| 005 |
20231102005723.0 |
| 010 |
|
|
|a 9785699581863
|
| 035 |
|
|
|a (RuTPU)RU\TPU\book\376765
|
| 035 |
|
|
|a RU\TPU\book\120902
|
| 090 |
|
|
|a 344967
|
| 100 |
|
|
|a 20200625d2015 m y0rusy50 ca
|
| 101 |
1 |
|
|a rus
|c eng
|
| 102 |
|
|
|a RU
|
| 105 |
|
|
|a y z 000ay
|
| 200 |
1 |
|
|a Книжный вор
|e роман
|e пер. с англ.
|f М. Зусак
|
| 210 |
|
|
|a Москва
|c Эксмо
|d 2015
|
| 215 |
|
|
|a 606 с.
|
| 225 |
1 |
|
|a Pocketbook
|
| 330 |
|
|
|a Январь 1939 года. Германия. Страна, затаившая дыхание. Никогда еще у смерти не было столько работы. А будет еще больше. Мать везет девятилетнюю Лизель Мемингер и ее младшего брата к приемным родителям под Мюнхен, потому что их отца больше нет — его унесло дыханием чужого и странного слова «коммунист», и в глазах матери девочка видит страх перед такой же судьбой. В дороге смерть навещает мальчика и впервые замечает Лизель. Так девочка оказывается на Химмельштрассе — Небесной улице. Кто бы ни придумал это название, у него имелось здоровое чувство юмора. Не то чтобы там была сущая преисподняя. Нет. Но и никак не рай. «Книжный вор» — недлинная история, в которой, среди прочего, говорится: об одной девочке; о разных словах; об аккордеонисте; о разных фанатичных немцах; о еврейском драчуне и о множестве краж. Эта книга о силе слов и способности книг вскармливать душу.
|
| 606 |
1 |
|
|a Американская литература (англо-язычная литература)
|2 stltpush
|3 (RuTPU)RU\TPU\subj\28887
|9 52349
|
| 610 |
1 |
|
|a проза
|
| 610 |
1 |
|
|a романы
|
| 675 |
|
|
|a 82
|v 3
|
| 700 |
|
1 |
|a Зусак
|b М.
|g Маркус
|
| 801 |
|
1 |
|a RU
|b 63413507
|c 20070321
|g PSBO
|
| 801 |
|
2 |
|a RU
|b 63413507
|c 20200715
|g PSBO
|
| 942 |
|
|
|c BK
|